|
|
|
|
| LEADER |
03401nam a22005055i 4500 |
| 001 |
978-3-540-28519-9 |
| 003 |
DE-He213 |
| 005 |
20151204151723.0 |
| 007 |
cr nn 008mamaa |
| 008 |
100301s2005 gw | s |||| 0|eng d |
| 020 |
|
|
|a 9783540285199
|9 978-3-540-28519-9
|
| 024 |
7 |
|
|a 10.1007/3-540-28519-9
|2 doi
|
| 040 |
|
|
|d GrThAP
|
| 050 |
|
4 |
|a QC801-809
|
| 072 |
|
7 |
|a PHVG
|2 bicssc
|
| 072 |
|
7 |
|a SCI032000
|2 bisacsh
|
| 082 |
0 |
4 |
|a 550
|2 23
|
| 082 |
0 |
4 |
|a 526.1
|2 23
|
| 245 |
1 |
0 |
|a 3D Radiative Transfer in Cloudy Atmospheres
|h [electronic resource] /
|c edited by Alexander Marshak, Anthony Davis.
|
| 264 |
|
1 |
|a Berlin, Heidelberg :
|b Springer Berlin Heidelberg,
|c 2005.
|
| 300 |
|
|
|a XII, 686 p. 233 illus.
|b online resource.
|
| 336 |
|
|
|a text
|b txt
|2 rdacontent
|
| 337 |
|
|
|a computer
|b c
|2 rdamedia
|
| 338 |
|
|
|a online resource
|b cr
|2 rdacarrier
|
| 347 |
|
|
|a text file
|b PDF
|2 rda
|
| 490 |
1 |
|
|a Physics of Earth and Space Environments,
|x 1610-1677
|
| 505 |
0 |
|
|a Preliminaries -- Scales, Tools and Reminiscences -- Observing Clouds and Their Optical Properties -- Fundamentals -- A Primer in 3D Radiative Transfer -- Numerical Methods -- Approximation Methods in Atmospheric 3D Radiative Transfer Part 1: Resolved Variability and Phenomenology -- Climate -- Approximation Methods in Atmospheric 3D Radiative Transfer Part 2: Unresolved Variability and Climate Applications -- 3D Radiative Transfer in Stochastic Media -- Effective Cloud Properties for Large-Scale Models -- Broadband Irradiances and Heating Rates for Cloudy Atmospheres -- Longwave Radiative Transfer in Inhomogeneous Cloud Layers -- Remote Sensing -- 3D Radiative Transfer in Satellite Remote Sensing of Cloud Properties -- Horizontal Fluxes and Radiative Smoothing -- Photon Paths and Cloud Heterogeneity: An Observational Strategy to Assess Effects of 3D Geometry on Radiative Transfer -- 3D Radiative Transfer in Vegetation Canopies and Cloud-Vegetation Interaction.
|
| 520 |
|
|
|a Developments in three-dimensional cloud radiation over the past few decades are assessed and distilled into this contributed volume. Chapters are authored by subject-matter experts who address a broad audience of graduate students, researchers, and anyone interested in cloud- radiation processes in the solar and infrared spectral regions. After two introductory chapters and a section on the fundamental physics and computational techniques, the volume extensively treats two main application areas: the impact of clouds on the Earth's radiation budget, which is an essential aspect of climate modeling; and remote observation of clouds, especially with the advanced sensors on current and future satellite missions.
|
| 650 |
|
0 |
|a Earth sciences.
|
| 650 |
|
0 |
|a Geophysics.
|
| 650 |
|
0 |
|a Atmospheric sciences.
|
| 650 |
|
0 |
|a Space sciences.
|
| 650 |
1 |
4 |
|a Earth Sciences.
|
| 650 |
2 |
4 |
|a Geophysics/Geodesy.
|
| 650 |
2 |
4 |
|a Extraterrestrial Physics, Space Sciences.
|
| 650 |
2 |
4 |
|a Atmospheric Sciences.
|
| 700 |
1 |
|
|a Marshak, Alexander.
|e editor.
|
| 700 |
1 |
|
|a Davis, Anthony.
|e editor.
|
| 710 |
2 |
|
|a SpringerLink (Online service)
|
| 773 |
0 |
|
|t Springer eBooks
|
| 776 |
0 |
8 |
|i Printed edition:
|z 9783540239581
|
| 830 |
|
0 |
|a Physics of Earth and Space Environments,
|x 1610-1677
|
| 856 |
4 |
0 |
|u http://dx.doi.org/10.1007/3-540-28519-9
|z Full Text via HEAL-Link
|
| 912 |
|
|
|a ZDB-2-EES
|
| 950 |
|
|
|a Earth and Environmental Science (Springer-11646)
|